000 00339pam a2200157a 44500
008 230515b1999 xxu||||| |||| 00| 0 eng d
020 _a0-07-451647
041 _aENG
082 _a691
100 _aGHOSE D.N.
245 _aMATERIALS OF CONSTRUCTION
250 _a0
260 _aNULL
_bNULL
_c1999
300 _a296
650 _aNULL
999 _c476659
_d476659